How to Get Out in Cricket - Statistics

General Stats
  • This quiz has been taken 30,932 times
    24,889 since last reset
  • The average score is 6 of 10
Answer Stats
Law Way to Get Out % Correct
33 Caught
98%
32 Bowled
88%
36 Leg before wicket
86%
38 Run out
85%
39 Stumped
76%
35 Hit wicket
55%
37 Obstructing the field
50%
40 Timed out
43%
34 Hit the ball twice
32%
25.4 Retired
28%
No matching quizzes found
Score Distribution
Percent of People with Each Score
Percentile by Number Answered
Your Score History
You have not taken this quiz since the last reset